[Event "FIDE World Cup"]
[Site "Khanty-Mansiysk"]
[Date "2005.12.02"]
[Round "2.5"]
[White "Rublevsky, Sergei"]
[Black "Sasikiran, Krishnan"]
[Result "1-0"]
[WhiteElo "2652"]
[BlackElo "2663"]
[Annotator "Postny,E"]
[PlyCount "41"]
[EventDate "2005.11.27"]
[EventType "k.o."]
[EventRounds "7"]
[EventCountry "RUS"]
[SourceTitle "CBM 111"]
[Source "ChessBase"]
[SourceDate "2006.04.04"]
[SourceVersion "1"]
[SourceVersionDate "2006.04.04"]
[SourceQuality "1"]

1. e4 e5 2. Nf3 Nc6 3. d4 exd4 4. Nxd4 Bc5 5. Be3 Qf6 6. c3 Nge7 7. g3 {
After a successful game with this variation the day before, Rublevsky does not
mind to repeat it again...} d5 {In the second game of this match Sasikiran
went for 7...h5 and got a bad position after the opening. This time the Indian
GM goes for a more reliable continuation.} 8. Bg2 dxe4 (8... Bxd4 9. cxd4 dxe4
10. Nc3 Bf5 11. d5 O-O-O 12. Qb3 Nd4 13. Qa4 Nf3+ 14. Bxf3 exf3 15. Qxa7 Qa6
16. Qxa6 bxa6 17. O-O-O $14 {1-0 Dworakowska,J (2441)-Onischuk,A (2655)/Skopje
2002/CBM 88_01 [Postny,E] (42)}) 9. O-O ({Black equalized easily after} 9. Nd2
Bb6 10. Nxe4 Qg6 11. Nb5 O-O 12. Bxb6 Bh3 $1 13. Nf6+ Qxf6 14. Bxh3 cxb6 15.
O-O Rad8 {0-1 Charbonneau,P (2484)-Bacrot,E (2675)/Tripoli 2004/CBM 102_01 
[Postny,E] (22)}) 9... Bb6 (9... Nxd4 10. cxd4 Bb6 11. a4 a5 12. Nc3 O-O 13.
Bxe4 Rd8 14. Re1 h6 15. Qb3 Bf5 16. Bxb7 Rab8 17. Bg2 Bxd4 18. Bxd4 Qxd4 $11 {
1/2-1/2 Sutovsky,E (2639)-Beliavsky,A (2668)/Terme Zrece 2003/CBM 97_01 
[Postny,E] (27)}) (9... Bxd4 10. cxd4 O-O 11. Nc3 Rd8 12. Nxe4 Qg6 13. Rc1 Bf5
14. Nc5 b6 15. Na6 $1 $14 {1-0 Sutovsky,E (2646)-Bauer,C (2602)/Plovdiv 2003/
CBM 98 [Postny,E] (65)}) 10. Nd2 O-O 11. Nxe4 Qg6 12. Re1 (12. Nc5 $5 Nxd4 13.
cxd4 c6 14. Re1 Nd5 15. Bxd5 cxd5 16. Qb3 Bg4 $2 (16... Rd8 $11) 17. Qxd5 Rad8
18. Qxb7 $16 {1/2-1/2 Sutovsky,E (2679)-Harikrishna,P (2609)/Pune 2004/CBM
104_01 [Postny,E] (54)}) 12... Nxd4 (12... Bg4 13. Qa4 Rad8 14. Nxc6 Nxc6 15.
h3 Be6 16. Nc5 Bc8 17. Qh4 Rfe8 18. b4 h6 19. Be4 Rxe4 20. Qxe4 Qh5 21. Qh4 Qd5
22. Rad1 Qxd1 23. Rxd1 Rxd1+ 24. Kg2 Bxc5 25. bxc5 Be6 26. c4 Ra1 27. Qf4 {
1/2-1/2 Georgieva,L (2157)-Matras,A (2232)/Oropesa del Mar 2000/EXT 2001}) 13.
Bxd4 Nc6 14. Bxb6 axb6 15. Qd2 Ra5 $1 $11 {A good manoeuvre. Black equalized.}
(15... f6 $6 16. Qf4 Ne5 17. Ng5 c6 18. Nf3 Nxf3+ 19. Bxf3 Qf7 20. Qb4 Be6 21.
a4 Ra6 22. Re3 $16 {1-0 Navara,D (2644)-Haba,P (2525)/Czech Rep CZE 2005/The
Week in Chess 548 (35)}) 16. Qf4 {[%csl Rc7]} Ne5 17. Rad1 f6 18. b4 {At the
price of weakening the queenside, white drives away black's active rook.} Ra8 (
18... Rxa2 $2 19. Nxf6+ $1 Qxf6 20. Qxf6 gxf6 21. Bd5+ Kg7 22. Bxa2 Nf3+ 23.
Kg2 Nxe1+ 24. Rxe1 $16) 19. Ng5 $1 Bg4 $6 {Although, this move is tempting,
black's bishop might become hanging on g4.} (19... fxg5 20. Qxe5 c6 {was
simple and good enough for equality.}) 20. Rd2 Rae8 $2 {[%mdl 8192] Putting
the wrong rook on e8.} (20... Rfe8 21. Bd5+ Kf8 {Black's king looks vulnerable
on f8, but concretely white can't take advantage of it. For example:} (21...
Kh8 $2 22. Rxe5 $1) 22. h4 Re7 (22... h6 23. Ne6+ Bxe6 24. Rxe5 Bxd5 25. Rexd5
$14) 23. Ne6+ (23. Rxe5 Rxe5 24. Bxb7 Rb8 25. Be4 Bf5 26. Bxf5 Qxf5 27. Qxf5
Rxf5 28. Ne6+ Kf7 29. Nxc7 Rb7 {and black is at least not worse.}) 23... Bxe6
24. Rxe5 Bxd5 25. Rexd5 (25. Rxe7 $4 Qb1+ {mating.}) 25... Qe8 {Black is only
slightly worse.}) {[%tqu "En","What would you suggest for White?","","","e1e5",
"This tactical stroke works fine for white, but still, Sasikiran's resignation
was rather premature. White would still have to find a series of non-obvious
moves to demonstrate his advantage.",15,"e1e5","",0]} 21. Rxe5 $1 {This
tactical stroke works fine for white, but still, Sasikiran's resignation was
rather premature. White would still have to find a series of non-obvious moves
to demonstrate his advantage.} (21. Rxe5 fxg5 $1 (21... fxe5 22. Qxg4 $18) (
21... Rxe5 22. Qc4+ Be6 (22... Kh8 23. Nf7+ Qxf7 24. Qxf7 Rxf7 25. Rd8+ {
mating.}) 23. Nxe6 Qf7 24. f4 $1 Re1+ (24... Qxe6 25. Qxe6+ Rxe6 26. Bd5 Kf7
27. f5 $18) 25. Kf2 Rxe6 26. Bd5 Rfe8 27. f5 $18) 22. Bd5+ Kh8 23. Qxg5 (23.
Rxe8 Qxe8 24. Qe4 (24. Qxg5 $4 Qe1+ 25. Kg2 c6 $19) (24. Qxg4 $4 Qe1+ $19)
24... c6 25. Qxe8 Rxe8 26. Bf7 $14) 23... Qxg5 24. Rxg5 Bf5 $1 {[%csl Rg5]} (
24... Bh3 25. f4) 25. g4 Bc8 {and I seriously doubt if white can convert his
extra pawn into a full point, since his Rg5 is very awkwardly placed.}) 1-0

[Event "USA-CHN Summit 2nd"]
[Site "Shanghai"]
[Date "2002.07.12"]
[Round "2"]
[White "Ni, Hua"]
[Black "Benjamin, Joel"]
[Result "0-1"]
[WhiteElo "2533"]
[BlackElo "2608"]
[Annotator "Postny,E"]
[PlyCount "84"]
[EventDate "2002.07.11"]
[EventType "team"]
[EventRounds "4"]
[EventCountry "CHN"]
[SourceTitle "CBM 091"]
[Source "ChessBase"]
[SourceDate "2002.11.12"]
[SourceVersion "1"]
[SourceVersionDate "2002.11.12"]
[SourceQuality "1"]

1. e4 e5 2. Nf3 Nc6 3. d4 exd4 4. Nxd4 Bc5 5. Nxc6 Qf6 6. Qd2 bxc6 7. Bd3 Ne7
8. Nc3 O-O 9. O-O d5 {This is probably the most reliable way for the equality.}
({Bad is} 9... d6 $2 {in view of} 10. e5 $1 {- see the game Van der Wiel,
J-Jonkman,H/Wijk aan Zee-B 2002/CBM 87 [Postny]}) ({Playable is} 9... Ng6 {
- see commented game Sadvakasov,D-Kramnik,V/Astana 2001/CBM 84 [Postny]}) 10.
Kh1 (10. Qf4 Qxf4 11. Bxf4 Bb6 12. Na4 (12. Rfe1 Be6 13. Na4 Rfe8 14. b3 Ng6
15. Be3 dxe4 16. Bxe4 Bd5 17. Bxg6 hxg6 18. Bc5 f6 19. f3 {1/2-1/2 Skripchenko
Lautier,A-Timoscenko,G/Saint Vincent 2001/CBM 80 ext (19)}) 12... Ng6 13. Nxb6
cxb6 14. Bd6 Rd8 15. Bc7 Rd7 16. Bg3 d4 17. f4 a5 18. f5 Nf8 19. e5 $14 {
1/2-1/2 Pavlovic,M-Brenjo,S/Vrnjacka Banja 1999/EXT 2000 (41)}) 10... Bb4 $1 {
A good move, which solves black's opening problems.} (10... Bd4 11. Qf4 Bxc3
12. bxc3 Qxc3 13. Rb1 dxe4 14. Qxe4 Ng6 15. Rb3 Qe5 16. Qxc6 $14 {1/2-1/2
Collas,D-Flear,G/St Affrique 2000/EXT 2001 (37)}) 11. Qe2 $146 ({More logical
is} 11. Qg5 {, but white has no advantage anyway.} Qxg5 ({but not} 11... Bxc3
12. bxc3 Qxc3 $4 13. Qxe7 Qxa1 14. Qxf8+ $1 Kxf8 15. Ba3+ $18) 12. Bxg5 Ng6 (
12... Be6 13. exd5 Nxd5 14. Nxd5 cxd5 $11 {1/2-1/2 Ehlvest,J-Rodriguez Vargas,
O/Logrono 1991/EXT 97 (39)}) 13. exd5 Bxc3 14. bxc3 cxd5 15. Rfe1 f6 16. Be3
Ne5 17. Bc5 Rd8 $11 {0-1 Holzke,F-Sturua,Z/Biel 2000/CBM 77 ext (40)}) 11...
Bxc3 12. bxc3 dxe4 13. Qxe4 (13. Bxe4 $6 Qxc3 14. Bg5 (14. Bxh7+ $2 Kxh7 15.
Qxe7 Qxa1 16. Qxf8 Ba6 17. Qxa8 Bxf1 $19) 14... Nd5 {and black is fine.}) 13...
Bf5 14. Qc4 Bxd3 15. cxd3 Nd5 $11 16. d4 $6 {This move looks to me like an
inaccuracy, because it weakens the white squares in white's camp.} (16. Be3
Qxc3 17. Qxc3 Nxc3 18. Rfc1 Nd5 19. Rxc6 $11) 16... Rfe8 17. Qd3 (17. Ba3 Qg6
$36) 17... Qe6 18. c4 (18. Bd2 Qe2 $15) 18... Nb6 {[%csl Rc4]} 19. Bf4 Qe4 $1 (
19... Nxc4 20. Bxc7 $11) 20. Qxe4 Rxe4 21. Bxc7 Nxc4 $6 {Black takes the wrong
pawn.} (21... Rxd4 22. Bxb6 (22. c5 Nd5 23. Bd6 Re8 $15) 22... axb6 23. Rab1
Rxc4 24. Rxb6 Rc2 $15) 22. Rfd1 Rc8 ({Dubious is} 22... Re2 $6 {in view of} 23.
Rdc1) 23. Rac1 Nb2 24. Re1 Rxe1+ 25. Rxe1 Nd3 26. Re7 Nb4 (26... Nxf2+ 27. Kg1
Nd3 28. Bd6 $44) 27. Ba5 Nxa2 ({The tactical trick} 27... c5 $2 {[%cal Gb4c6]
is refuted by} 28. dxc5 Nc6 29. Rc7 Rd8 30. Be1 Rd1 31. Rc8+ Nd8 32. g3 Rxe1+
33. Kg2 Re8 34. c6 $18) 28. Rxa7 Nc1 {The black N finds a safe way out.} 29. g3
f6 30. Kg2 Nb3 31. Bb6 Rb8 32. Ra6 Rb7 33. Kf3 {The position does not contain
any real winning chances for both sides, but white is probably the side, who
try to make something out of nothing...} Nd2+ 34. Ke2 Ne4 35. f3 Nc3+ 36. Kd3
Nd5 37. Ba5 Rb5 38. Bd2 Nb6 39. Bc3 h5 40. Ra5 Nd5 41. Ra8+ {White makes a
last fool hardy winning attempt, which rebounds on him!} ({White could keep
his R on a5 enabling it's exchange by black with no risk to his position by} 
41. Bd2) 41... Kf7 42. Rc8 $4 {[%mdl 8192] A horrible mistake, throwing away
half a point.} (42. Bd2 $11) 42... Rb3 (42... Rb3 43. Rxc6 Nb4+ 44. Kc4 Rxc3+
$1 {and black remains with a piece up. Probably this last "shot" was the one
Ni Hua missed in his premilinary calculations.}) 0-1

[Event "Sarajevo Bosnia 35th"]
[Site "Sarajevo"]
[Date "2005.05.27"]
[Round "8"]
[White "Predojevic, Borki"]
[Black "Sokolov, Ivan"]
[Result "0-1"]
[WhiteElo "2549"]
[BlackElo "2662"]
[Annotator "Postny,E"]
[PlyCount "72"]
[EventDate "2005.05.19"]
[EventType "tourn"]
[EventRounds "9"]
[EventCountry "BIH"]
[EventCategory "16"]
[SourceTitle "CBM 108"]
[Source "ChessBase"]
[SourceDate "2005.09.26"]
[SourceVersion "1"]
[SourceVersionDate "2005.09.26"]
[SourceQuality "1"]

1. e4 e5 2. Nf3 Nc6 3. d4 exd4 4. Nxd4 Nf6 5. Nxc6 bxc6 6. e5 Qe7 7. Qe2 Nd5 8.
c4 Ba6 ({Other main line is} 8... Nb6) 9. b3 {Defending the Pc4 and preparing
Bc1-b2 or Bc1-a3 according to circumstances.} O-O-O {This old move is a rare
guest on top level nowadays.} ({The alternatives are:} 9... g6) (9... g5) (9...
Qh4) 10. Bb2 ({The main alternative is} 10. g3 {For example see the annotated
game Wang Hao-Jenni,F/Calvia 2004/CBM 104 [Postny,E]}) 10... f6 {Going for the
immediate attack of white's central outpost.} (10... Re8 11. g3 f6 12. Bg2 fxe5
13. O-O h5 14. Qd2 Nf6 15. Qa5 Bb7 16. Ba3 Qe6 17. Bxf8 Rexf8 18. Qxa7 h4 19.
Nc3 Ng4 20. h3 Qh6 21. Ne4 hxg3 22. Nxg3 Nf6 23. a4 $18 {[%cal Ga4a5,Ga5a6] 1/
2-1/2 Dembo,Y-Husari,S/Budapest 2001 (40)}) (10... Qg5 11. Nd2 f6 12. h4 Qh6
13. O-O-O Bc5 14. Qf3 Nf4 15. exf6 gxf6 16. g3 Ne6 17. Qxf6 $18 {1-0 Hort,
V-Unzicker,W/Bundesliga 1984 (23)}) 11. Qd2 {Moving the queen in order to
complete the development of kingside. In some case the manoeuvre Qd2-a5 is
unpleasant for black.} (11. exf6 Nxf6 12. Qxe7 Bxe7 13. Be2 d5 14. Nd2 Bc5 15.
O-O Rhe8 16. Bf3 dxc4 17. Nxc4 Ne4 18. Bxe4 Rxe4 19. Bxg7 Bxc4 20. bxc4 Rd2 $15
{0-1 Ahmed,S-Safin,S/Doha 2003 (45)}) (11. Qe4 Nb6 12. Nd2 Bb7 13. O-O-O fxe5
14. Qxe5 Qxe5 15. Bxe5 Re8 16. Bb2 Rg8 17. Bd3 g6 18. Rhe1 $14 {1/2-1/2
Arkhipov,S-Iuldachev,S/Abu Dhabi 2002 (25)}) 11... Nb6 12. Be2 (12. Qa5 $6 Qb4+
13. Qxb4 Bxb4+ $15) 12... fxe5 13. O-O $146 (13. a4 Kb8 14. a5 Nc8 15. Nc3 Qd6
(15... d5 $5 16. cxd5 Bb7) 16. Bd3 Qh6 17. Qe2 Bc5 18. O-O Bd4 19. b4 Rhf8 20.
b5 Bb7 21. bxc6 Bxc6 22. Rab1 Ka8 23. Nd5 Bxd5 24. cxd5 Nd6 25. Bxd4 exd4 26.
Qc2 Rc8 27. Ba6 $18 {1-0 Reinaldo,R-Korneev,O/Madrid 2000 (38)}) 13... d5 14.
cxd5 Bxe2 15. Qxe2 cxd5 16. a4 $2 {White overestimates his attacking chances.}
(16. Bxe5 Nd7 17. Qa6+ Kb8 18. Qb5+ Nb6 19. Re1 Qb4 20. Nc3 $14) 16... d4 $1 {
Black has now strong pawns chain in the centre, which is the dominant factor
in the position.} 17. Qa6+ Kb8 18. Na3 c5 19. Rfe1 Qb7 20. Qe2 (20. Qxb7+ Kxb7
21. Rxe5 Bd6 $15) 20... Bd6 21. Nb5 Rhe8 22. Ba3 $2 {This move actually robs
from the white knight the only retreating square.} ({It was necessary to open
up the position by} 22. b4 $1 Bf8 (22... cxb4 23. Bxd4 $1 exd4 $2 24. Qxe8 Rxe8
25. Rxe8+ Nc8 26. Nxd6 $18) (22... Nd5 23. Nxd6 Rxd6 24. bxc5 Nf4 25. Qf1 Rg6
26. g3 $13) 23. bxc5 Bxc5 24. Rab1 $44) 22... Bf8 $1 $19 {[%csl Rb5][%cal
Ga7a6]} 23. Rac1 {White decided to sacrifice a piece, but this is obviously
insufficient.} (23. Bc1 a6 24. Na3 e4 $19) 23... a6 24. Bxc5 Bxc5 25. Rxc5 axb5
26. Rxe5 Rxe5 (26... d3 $2 27. Rxe8 dxe2 28. Rxd8+ Kc7 29. Re8 $15) 27. Qxe5+
Ka8 28. Qxb5 d3 {[%csl Gd3] The strong passed pawn quickly decides the game.}
29. Rd1 Rd5 30. Qe8+ Qc8 31. Qe4 Qc2 32. Rf1 Qxb3 33. a5 d2 34. Qe8+ Kb7 35.
a6+ Kxa6 36. Qe2+ Qc4 0-1

[Event "Noyabrsk Fakel Jamala"]
[Site "Noyabrsk"]
[Date "2003.11.26"]
[Round "9"]
[White "Kovchan, Alexander"]
[Black "Potapov, Alexander1"]
[Result "0-1"]
[WhiteElo "2561"]
[BlackElo "2513"]
[Annotator "Postny,E"]
[PlyCount "80"]
[EventDate "2003.11.18"]
[EventType "tourn"]
[EventRounds "11"]
[EventCountry "RUS"]
[EventCategory "10"]
[SourceTitle "CBM 099"]
[Source "ChessBase"]
[SourceDate "2004.03.30"]
[SourceVersion "1"]
[SourceVersionDate "2004.03.30"]
[SourceQuality "1"]

1. e4 e5 2. Nf3 Nc6 3. d4 exd4 4. Nxd4 Nf6 5. Nxc6 bxc6 6. e5 Qe7 7. Qe2 Nd5 8.
c4 Ba6 9. b3 g5 {This move saw his light on top level in the world
championship match Kasparov-Anand in 1995.} 10. g3 {This is the most popular
reply.} (10. Ba3 {- see the commented game Motylev,A-Shirov,A/Moscow 2001/CBM
86 [Postny,E] (42)}) (10. h4 $5 Bg7 11. Bb2 Nf4 12. Qe3 h6 13. Nd2 Ng6 14. Nf3
gxh4 15. O-O-O O-O 16. Qd4 $14 {1-0 Smeets,J-Timman,J/Amsterdam 2002/CBM 89
ext (36)}) 10... Bg7 11. Bb2 O-O-O ({Sharp and risky is} 11... O-O {- as in
the game Ganguly,S-Vladimirov,E/Calcutta 2001/CBM 82 [Postny,E] (37)}) 12. Nd2
(12. Bg2 Rde8 13. O-O Bxe5 14. Qxe5 Qxe5 15. Bxe5 Rxe5 16. cxd5 Bxf1 17. Kxf1
cxd5 18. Nc3 c6 19. Rc1 Kd8 $13 {1/2-1/2 Macieja,B-Delchev,A/Budapest 2000/CBM
78 (27)}) 12... Nb4 (12... Rhe8 13. O-O-O Nb6 {- see the annotated game Hector,
J-Timman,J/Malmo 2001/CBM 84 [Postny,E] (40)}) 13. Nf3 (13. Kd1 c5 14. Bg2 Bb7
15. Bxb7+ Kxb7 16. f4 d6 $15 {0-1 Gaston,S-Verat,L/Paris 2001/CBM 83 ext (39)})
13... c5 (13... Rhe8 14. Bh3 c5 {- Motylev,A-Jakovenko,D/Elista 2001/CBM 83 
[Postny,E] (41)}) 14. Bg2 Bb7 (14... Rhe8 15. O-O Bb7 16. Rfe1 Kb8 17. Qd2 h6
18. a3 Nc6 19. Rad1 Qf8 20. h3 Qh8 21. b4 $14 {1-0 Goloshchapov,A-Sepman,Y/St
Petersburg 1998/CBM 67 ext (35)}) 15. a3 $146 {The immediate castling seems to
me more precise, since the knight on b4 is doing nothing.} (15. O-O f5 $6 16.
Rfe1 Rde8 17. Rad1 Nc6 18. Rd5 Rhg8 19. a3 h5 20. Qd2 Bf8 21. Rd1 $16 {1-0
Kovchan,A-Gharamian,T/Oropesa del Mar 2001/EXT 2002 (46)}) 15... Nc6 16. O-O h5
$6 {As the continuation of the game shows, this plan fails.} ({Black can not
capture the Pe5:} 16... g4 $2 17. Nh4 $16 {[%cal Gh4f5]}) ({The right plan
seems to be connected with immediate d7-d6 push:} 16... d6 $1 17. Rfe1 Rhe8 (
17... g4 $6 18. Nh4 Nxe5 19. Bxe5 Bxe5 20. Qxg4+ $16) 18. Qc2 dxe5 19. Qf5+ Kb8
20. Nxg5 f6 $132) 17. Rfe1 h4 18. Bc3 (18. g4 $6 h3 19. Bh1 Rde8 $132 {[%csl
Gf4][%cal Yc6d8,Yd8e6,Ye6f4]}) 18... Rde8 (18... d6 19. Nxh4 $6 (19. Qc2 $142
hxg3 20. hxg3 {- see 18...hxg3.}) 19... Bxe5 (19... gxh4 $2 20. Qg4+ {[%csl
Rg7]}) 20. Bxe5 dxe5 $1 $132 {[%csl Gd4]}) (18... hxg3 19. hxg3 d6 20. Qc2 Nd4
(20... dxe5 21. Nxe5 Nxe5 22. Bxe5 Bxe5 23. Qf5+ Qd7 24. Rxe5 $16) 21. Nxd4
cxd4 22. Qf5+ Qe6 23. Qxe6+ fxe6 24. Bxd4 $16) 19. Rad1 hxg3 (19... d6 $2 20.
exd6 Qxe2 21. d7+ Kb8 22. dxe8=Q+ Rxe8 23. Rxe2 Rxe2 24. Bxg7 $18) 20. hxg3 Nd8
(20... g4 21. Nh2 $1 $16 (21. Nh4 $6 Nxe5 22. Bxb7+ Kxb7 23. Nf5 $2 (23. Bxe5
$142 Bxe5 24. Qxg4 d6 $13) 23... Qg5 24. Nxg7 Qh6 25. Qe4+ d5 $1 26. Qxd5+ c6
27. Qg2 Nf3+ $19) 21... Nxe5 $2 22. Bxb7+ Kxb7 23. Nxg4 d6 24. f4 $18) 21. Rd3
Ne6 22. Red1 Bc6 $2 {It was much better to defend the Pd7 by rook.} (22... Rd8
23. b4 g4 24. Nh4 (24. Nh2 $6 Bxg2 25. Kxg2 f5 $1 $132) 24... Bxg2 25. Nxg2 $14
) 23. b4 Rd8 24. b5 Bb7 {Now it's clear, that 22...Bc6 was a loss of two
tempoes.} 25. a4 {Black did not manage to create any serious threats on the
kingside. On the other hand, white is rolling his pawns towards the enemy's
king and it's very hard to suggest any reasonable defense for black.} Kb8 $6 {
This move is another waste of time.} ({The only chance for counterplay was:} 
25... f5) 26. a5 {Now black is in serious troubles. White's attack is very
dangerous.} a6 27. b6 Bc6 28. bxc7+ $2 {Allowing black to get back into the
game.} ({Simply winning was} 28. Qb2 Ka8 29. bxc7 Nxc7 30. Qb6 Rc8 31. Rxd7 $1
$18 {[%csl Gg2][%cal Rg2a8]}) 28... Kxc7 29. Rb1 g4 30. Nd2 (30. Nh2 $2 {
[%tqu "En","Please enter a move for black","","","e6f4","",10]} Nf4 $1 31. gxf4
Qh4 $40) 30... Qg5 31. Bxc6 dxc6 32. Rxd8 Nxd8 33. Qd3 $2 {Giving the central
pawn without good reason.} ({Good enough was} 33. Rb6 Qh5 34. Qe4 $16) 33...
Bxe5 34. Bxe5+ Qxe5 35. Qb3 Qh5 {It appears, that black's king is safer than
his counterpart.} 36. Qb6+ Kd7 37. Kf1 Ne6 $1 ({Nothing gives:} 37... Qh1+ 38.
Ke2 Re8+ 39. Kd3 Qh7+ 40. Kc3 Qg7+ 41. Kc2) 38. Qa7+ Kd6 39. Ne4+ $2 {The
decisive mistake.} ({The only chance for white was:} 39. Rb7 Qh1+ 40. Ke2 Nd4+
41. Kd3 Qd1 42. Rd7+ Ke6 43. Rxd4 $8 (43. Re7+ Kf6 44. Rxf7+ Kg6 45. Rg7+ Kh6
$19) 43... cxd4 44. Qxa6) 39... Ke5 $19 40. Re1 {The last slip in time-trouble,
but white's position is lost anyway.} (40. Nd2 Rd8 41. Re1+ Kf6 42. Ne4+ Kg7
$19) 40... Qh1+ {Quite a dramatic game.} 0-1